| 000 | 00344 a2200157 4500 | ||
|---|---|---|---|
| 001 | 59827 | ||
| 020 | _a9783785551691 | ||
| 040 | _cAnchieta - Pituba | ||
| 100 | _aAbedi, Isabel | ||
| 240 | 1 | 0 |
_aHier kommt Lola! _lpor |
| 245 | 1 | 0 | _aHier kommt Lola! |
| 300 | _a185 | ||
| 362 | 0 | _a2008 | |
| 650 | 4 | _aLiteratura juvenil em alemão | |
| 942 | _cBK | ||
| 999 |
_c59827 _d59827 |
||